Wyniki Mistrzostw Świata 2018 (grupy od E do H) - Statystyki

Ogólne statystyki
  • Ten quiz został rozwiązany 709 razy
  • Średni wynik to 14 z 24
Statystyki odpowiedzi
Hint Odpowiedź % Poprawnych
Polska vs Senegal 1:2
76%
Niemcy vs Meksyk 0:1
75%
Korea Południowa vs Niemcy 2:0
75%
Niemcy vs Szwecja 2:1
73%
Japonia vs Polska 0:1
72%
Polska vs Kolumbia 0:3
72%
Brazylia vs Kostaryka 2:0
69%
Kostaryka vs Serbia 0:1
68%
Brazylia vs Szwajcaria 1:1
68%
Serbia vs Szwajcaria 1:2
65%
Serbia vs Brazylia 0:2
63%
Szwecja vs Korea Południowa 1:0
62%
Korea Południowa vs Meksyk 1:2
55%
Kolumbia vs Japonia 1:2
55%
Japonia vs Senegal 2:2
51%
Belgia vs Panama 3:0
51%
Anglia vs Belgia 0:1
50%
Senegal vs Kolumbia 0:1
50%
Tunezja vs Anglia 1:2
48%
Anglia vs Panama 6:1
46%
Szwajcaria vs Kostaryka 2:2
45%
Meksyk vs Szwecja 0:3
43%
Panama vs Tunezja 1:2
37%
Belgia vs Tunezja 5:2
34%
Nie znaleziono quizów pasujących do podanych kryteriów
Rozkład punktacji
Procent ludzi z każdym wynikiem
Percentyl według liczby udzielonych odpowiedzi
Twoja historia wyników
Nie rozwiązałeś tego quizu